Statystyki dla Kraje o największej powierzchni na każda literę od A do Z

Kliknij tutaj aby rozwiązać quiz!

Ogólne statystyki

  • Ten quiz został rozwiązany 11,659 razy
    (11,648 od ostatniego zresetowania)
  • Średni wynik to 16 z 24

Statystyki odpowiedzi

Litera Odpowiedź % Correct
RRosja
96%
CChiny
94%
BBrazylia
91%
KKanada
87%
SStany Zjednoczone
85%
AAustralia
84%
ŁŁotwa
83%
FFrancja
83%
IIndie
81%
OOman
80%
HHiszpania
67%
MMeksyk
66%
JJemen
63%
ZZambia
63%
NNiger
58%
PPeru
56%
WWenezuela
56%
EEtiopia
54%
LLibia
53%
UUkraina
53%
DDemokratyczna Republika Konga
49%
VVanuatu
40%
TTanzania
36%
GGabon
29%

Rozkład punktacji

Percentyl według liczby udzielonych odpowiedzi

Procent ludzi z każdym wynikiem

Twoja historia wyników

Nie rozwiązałeś tego quizu od ostatniego zresetowania